000
00303nam a22001337a 4500
082
_a
823
_b
RAJ/C
100
_a
RAJU ARUVAKKODU
245
_a
CHINDANELIYUM KANDAN POOCHAYUM
260
_a
NOORANAD
_b
UNMA PUBLICATIONS
_c
2001
300
_a
48
520
_a
SHORT STORY
650
_a
SHORT STORY
942
_c
BK
999
_c
6952
_d
6952